| 000 | 00409nam a2200145 4500 | ||
|---|---|---|---|
| 001 | 1939 | ||
| 005 | 20181127164243.0 | ||
| 008 | 731003s1967 nyua 000 0 eng | ||
| 010 | _a 65028827 | ||
| 100 | 1 | _aStein, Sherman K. | |
| 245 | 1 | 0 |
_aCalculus in the first three dimensions / _cSherman K. Stein. |
| 260 |
_aNew York : _bMcGraw-Hill, _c1967. |
||
| 300 |
_axiv, 613 p. : _bill. ; _c25 cm. |
||
| 650 | 0 | _aCalculus. | |
| 999 |
_c1492 _d1492 |
||